Music Quiz

Random Music or Song Quiz
Score 0/16 Timer 05:00
7 Plays Today
Track # Song Name % Correct
2cardigan
93.6%
1the 1
90%
14betty
86.2%
8august
83.6%
4exile (featuring bon iver)
83.3%
7seven
81.7%
3the last great american dynasty
81.5%
16hoax
79.2%
Track # Song Name % Correct
6mirrorball
78.3%
15peace
77%
5my tears ricochet
73.4%
10illicit affairs
71.8%
11invisible string
71.5%
12mad woman
71.4%
13epiphany
69.5%
9this is me trying
68.4%
Remove Ads.
Support Sporcle.
Get the best of Sporcle when you Go Orange. This ad-free experience offers more features, more stats, and more fun while also helping to support Sporcle. Thank you for becoming a member.

You're not logged in!

Compare scores with friends on all Sporcle quizzes.
OR
Log In

Sporcle TV

Today on Sporcle TV


Watch our educational content, quiz creation guides, and fun videos on Sporcle TV.

Show Comments

Extras

Top Quizzes Today


Score Distribution

Paid Content

Your Account Isn't Verified!

In order to create a playlist on Sporcle, you need to verify the email address you used during registration. Go to your Sporcle Settings to finish the process.

Report this User

Report this user for behavior that violates our Community Guidelines.

Details: